| 000 | 00412nam a2200157Ia 4500 | ||
|---|---|---|---|
| 008 | 230718s9999 xx 000 0 und d | ||
| 041 | _aeng | ||
| 082 |
_a621.902 _bDAT |
||
| 100 |
_aDatta R.N. _9151200 |
||
| 245 |
_aMachine Tools _bWorkshop Technology |
||
| 260 | _bNew Central Book Agency | ||
| 300 | _a388 | ||
| 365 |
_cRs. _b165.00 |
||
| 700 |
_aDatta R.N. _9151200 |
||
| 906 |
_dB:540105-Aug-2008 _cMECH _b33 |
||
| 999 |
_c319247 _d319247 |
||